Entry Término temático
001 - NÚMERO DE CONTROL
- campo de control: 56564
003 - IDENTIFICADOR DEL NÚMERO DE CONTROL
- campo de control: BNPHU
005 - FECHA Y HORA DE LA ÚLTIMA TRANSACCIÓN
- campo de control: 20250224123821.0
008 - DATOS DE LONGITUD FIJA
- campo de control de longitud fija: 200615|| aca||aabn | a|a d
010 ## - NÚMERO DE CONTROL DE LA BIBLIOTECA DEL CONGRESO
- Número de control de LC: sh2009005898
040 ## - FUENTE DE LA CATALOGACIÓN
- Centro catalogador/agencia de origen: DO-SdBNP
- Lengua de catalogación: spa
- Centro/agencia transcriptor: BNPHU
- Normas de descripción: rda
150 ## - ENCABEZAMIENTO--TÉRMINO DE MATERIA
- Término de materia o nombre geográfico como elemento de entrada: Saneamiento urbano
450 0# - TRAZADO DE VÉASE--TÉRMINO DE MATERIA
- Término de materia o nombre geográfico como elemento de entrada: Urban sanitation
450 ## - TRAZADO DE VÉASE--TÉRMINO DE MATERIA
- Término de materia o nombre geográfico como elemento de entrada: Sanidad urbana
550 ## - TRAZADO VÉASE ADEMÁS--TÉRMINO DE MATERIA
- Término de materia o nombre geográfico como elemento de entrada: Saneamiento
- Subcampo de control: g
670 ## - FUENTE DE DATOS ENCONTRADOS
- Cita de la fuente: Work cat.: (OSt)29300: Programa de Cooperación Descentralizada para el Saneamiento Ambiental de los Barrios Marginales de Santo Domingo (SABAMAR) 56563, Guía metodológica para las cartillas educativas :, 2004.
670 ## - FUENTE DE DATOS ENCONTRADOS
- Identificador Uniforme del Recurso: https://librunam.dgb.unam.mx:8443/F/3VIVYE7QIIKXKBP5RK398LBGPUHG3PHECIN9GJBBRT4T44D8A1-03846?func=full-set-set&set_number=008276&set_entry=000001&format=001 Consultado en febrero, 2025
670 ## - FUENTE DE DATOS ENCONTRADOS
- Identificador Uniforme del Recurso: https://authorities.loc.gov/cgi-bin/Pwebrecon.cgi?AuthRecID=7907982&v1=1&HC=1&SEQ=20250224122625&PID=4NZj4P-TqI0WObDeHAsIr11PholP Consultado en 25 de febrero, 2025
680 ## - NOTA GENERAL PÚBLICA
- Texto explicativo: Aquí se asientan las obras sobre saneamiento en zonas urbanas. Este encabezamiento puede dividirse geográficamente por nombres de regiones, países, estados, etc. Las obras sobre saneamiento en ciudades o zonas urbanas concretas se asientan bajo el encabezamiento
- Encabezamiento o término de subdivisión: Saneamiento
- Texto explicativo: con la subdivisión geográfica correspondiente.
681 ## - NOTA DE EJEMPLO DE TRAZADO DE MATERIA
- Texto explicativo: Nota bajo
- Encabezamiento de materia o término de subdivisión: Saneamiento
